Flagi Państw NATO - Statystyki

Ogólne statystyki
  • Ten quiz został rozwiązany 28 razy
  • Średni wynik to 28 z 30
Statystyki odpowiedzi
Obrazkowy Odpowiedź % Poprawnych
Francja
100%
Grecja
100%
Hiszpania
100%
Kanada
100%
Niemcy
100%
Polska
100%
Portugalia
100%
Stany Zjednoczone
100%
Wielka Brytania
100%
Włochy
100%
Belgia
96%
Czechy
96%
Luksemburg
96%
Norwegia
96%
Słowacja
96%
Turcja
96%
Węgry
96%
Albania
93%
Chorwacja
93%
Estonia
93%
Holandia
93%
Islandia
93%
Macedonia Północna
93%
Rumunia
93%
Finlandia
89%
Słowenia
89%
Szwecja
89%
Łotwa
86%
Bułgaria
82%
Czarnogóra
82%
Nie znaleziono quizów pasujących do podanych kryteriów
Rozkład punktacji
Procent ludzi z każdym wynikiem
Percentyl według liczby udzielonych odpowiedzi
Twoja historia wyników
Nie rozwiązałeś tego quizu